| 000 | 01257nam1a22002291i 4500 | ||
|---|---|---|---|
| 001 | rc\4615102 | ||
| 005 | 20240726001301.0 | ||
| 035 | _a(NLR Aleph) 008672064 | ||
| 090 |
_a9126075 _c9126075 |
||
| 100 | _a20130416d1966 |||y0rusy50 ca | ||
| 101 | 0 | _arus | |
| 102 | _aRU | ||
| 105 | _a z ||||| | ||
| 200 | 1 |
_aМатериалы Научно-технической конференции молодых специалистов водохозяйственных проектных и научно-исследовательских институтов _eТ. 1- _fМ-во мелиорации и водного хоз-ва СССР. Всесоюз. гос. проектно-изыскательский и науч.-исслед. ин-т "Гипроводхоз" |
|
| 210 |
_aМосква _cЦБНТИ _d1966 |
||
| 215 | _d20 | ||
| 606 |
_aВодное хозяйство _jСборники _2psbo |
||
| 710 | 1 | 2 | _aНаучно-техническая конференция молодых специалистов водохозяйственных проектных и научно-исследовательских институтов (1966; Москва) |
| 801 | 0 |
_aRU _bNLR _gpsbo |
|
| 801 | 1 |
_aRU _bELAR _2rusmarc |
|
| 852 |
_aNLR _j67-3/230 |
||
| 942 | _cBOOK | ||